02031namaa2200217 a 4500008004100000020001500041041000800056092001700064100002500081245004900106250008800155260003000243300001000273500008100283505111400364590008701478655002101565942001301586999001501599952019901614190531s1982 es ||||| |||| 00| f spa d a8434580187 aspa c808l65sPAV1 aPavese, Cesare940463 aEl diablo sobre las colinas /bCesare Pavese a1a ed.bPrólogo José Carlos Mainer Baque ; Traducción M. Carmen Garcia Lecha. aEspaña:bSalvat;c1982. a159 p aPavese, C. (1982). El diablo sobre las colinas. (1a ed.). España : Salvat. aLa corta y desdichada vida de Cesare Pavese tiene un aire desesperado y romántico que nos hace pensar en Leopardi, en Baudelaire o en cualquiera otra de las biografías que tantas veces recordó en su diario el escrito italiano. Contra Pavese se concitaron como encarnizados enemigos los titubeos, las imposibilidades y los fracasos que caracterizan al intelectual de nuestro tiempo, aumentados en su caso por el enfermizo retraimiento y un implacable descontento de si mismo: atravesó desasosegantes crisis religiosas y políticas (que no conjugaron ni el abandono de la religión ni la adhesión en 1945, al partido comunista); vivió una guerra internacional que en su país se convirtió en guerra civil entre partisanos y fascistas; padeció persecuciones bajo el régimen de Mussolini y, tras un período de confinamiento, tomó parte en la lucha clandestina; tuvo íntimas dificultades para realizarse sexualmente y sus fracasos segregaron una singular misoginia; sufrió angustiosas dudas sobre la validez de su profesión de escritor y fue el más lúcido crítico de si mismo.  aProyecto 4to libro. Donación Julia Cabanne, mayo 2019. Faltan páginas 7 a 14.  aLiteratura92917 2ddccLIT c3000d3000 00102ddc4070aBFMbBFMcCRd2019-05-31eDonación Cabanne, Julia. Mayo 2019l0o808 65 PAVp4436r2019-05-31tEj. 1w2019-05-31yLITzProyecto 4to libro. Donación Cabanne, Julia. Mayo 2019